| 000 | 00696nam a22001817a 4500 | ||
|---|---|---|---|
| 003 | BD-DhUL | ||
| 005 | 20160822110032.0 | ||
| 008 | 160822b1972 bg ||||| |||| 000 0 b d | ||
| 040 |
_aBD-DhUL _cBD-DhUL |
||
| 082 |
_a954.92 _bHOA |
||
| 100 | _aহক, গাজীউল | ||
| 245 |
_aএবারের সংগ্রাম স্বাধীনতার সংগ্রাম / _cগাজীউল হক |
||
| 260 |
_aঢাকা : _bপুঁথিপত্র , _c1972. |
||
| 300 |
_a১৫০ পৃ. : _bসম্মুখ চিত্র ; _c২২ সেমি. |
||
| 650 | _aবাংলাদেশ - ইতিহাস | ||
| 650 | _aBangladesh - History | ||
| 942 |
_2ddc _cBK |
||
| 999 |
_c100230 _d100230 |
||